[Event "Ruhrgebiet Verbandsliga Gruppe 1 1819"]
[Site "Nordrheinwestfalen"]
[Date "2018.09.23"]
[Round "1.6"]
[White "Blome, Simon"]
[Black "Pappert, Thomas"]
[Result "1-0"]
[WhiteElo "1879"]
[BlackElo "1766"]
[PlyCount "75"]
[EventDate "2018.09.23"]
[EventType "team-tourn"]
[EventRounds "9"]
[EventCountry "GER"]
[SourceTitle "EXT 2022"]
[Source "ChessBase"]
[SourceDate "2021.10.06"]
[SourceVersion "1"]
[SourceVersionDate "2021.10.06"]
[SourceQuality "1"]
[WhiteTeam "Bochum SG III"]
[BlackTeam "Bochum-Linden"]
[WhiteTeamCountry "GER"]
[BlackTeamCountry "GER"]

1. e4 c5 2. Nf3 Nc6 3. Bb5 d6 4. 0-0 e5 5. Re1 g6 6. c3 Bg7 7. d4 Bd7 8. Be3 Nge7 9. dxc5 dxc5 10. Bxc5 0-0 11. Nbd2 Re8 12. Nc4 Nc8 13. Qd3 Qc7 14. Ne3 Nb8 15. Ba3 Nb6 16. Rad1 Bxb5 17. Qxb5 Qc6 18. Qxc6 Nxc6 19. Nd5 Nxd5 20. Rxd5 Red8 21. Red1 Rxd5 22. Rxd5 Rd8 23. c4 f5 24. exf5 gxf5 25. Rxd8+ Nxd8 26. Nh4 f4 27. f3 Kf7 28. Nf5 Bf6 29. Nd6+ Ke6 30. Ne4 Be7 31. Bxe7 Kxe7 32. Kf2 Nc6 33. Ke2 b6 34. a3 a5 35. Kd3 h5 36. Nc3 Kd6 37. Na4 Kc7 38. Ke4 1-0